00968nam a2200241 i 450000100060000000300090000600500170001500700030003200800410003502000180007608000260009410000410012024500980016126000590025930000220031849000530034050400330039360000670042683000610049385200330055499900170058795201220060413810ES-MaACL20230906150652.0t|980707s1981 sp ||||1| spa d a84-85281-30-6 a1 Spinoza, Benedictus1 aTejedor Campomanes, César.910957514aUna antropología del conocimiento b: estudio sobre Spinoza / cCésar Tejedor Campomanes. aMadrid : bUniversidad Pontificia de Comillas, c1981. a287 p. ; c24 cm.1 aEstudios ; v20. aFilosofía y Letras 78, 1,5 aBibliografía : p. 274-287.14aSpinoza, Benedictus de-xCrítica e interpretación.91077530 aEstudios ; v20. aFilosofía y Letras 78, 1,59228462 aES-MaACLjL-21210 bR.111641 c13810d13810 00104070aATENEOMbATENEOMcDEPO2d2008-01-17eSCl0oL-21210p1014054r2023-02-23 00:00:00w2023-02-23yMONOGRAFIA